|
000
|
01391nam0 2200337 450
|
|
000
|
01354nam0 2200325 450
|
|
000
|
01317nam0 2200313 450
|
|
000
|
01232nam0 2200277 450
|
|
000
|
01173nam0 2200253 450
|
|
001
|
022007l03985
|
|
005
|
20071215095741.59
|
|
010
|
|
@a978-7-111-21322-2@dCNY118.00
|
|
092
|
|
@aCN@b722012283
|
|
100
|
|
@a20070605d2007 em y0chiy0150 ea
|
|
101
|
0
|
@achi
|
|
102
|
|
@aCN@b110000
|
|
105
|
|
@ak z 000yy
|
|
106
|
|
@ar
|
|
200
|
1
|
@a最新常用集成块速查手册@AZui Xin Chang Yong Ji Cheng Kuai Su Cha Shou Ce@f《最新常用集成块速查手册》编写组编@F《 Zui Xin Chang Yong Ji Cheng Kuai Su Cha Shou Ce》 Bian Xie Zu Bian
|
|
210
|
|
@a北京@c机械工业出版社@d2007.5
|
|
215
|
|
@a1430页@c表格@d26cm
|
|
320
|
|
@a本书末有参考文献:第1430页。
|
|
327
|
0
|
@a本书主要介绍电气设备中常用的新型集成块的脚号排列顺序、引脚代码、引脚功能、通用数据包括供电电源、开路电阻(可选)、内部框图(可选)和具体应用电路引脚电参数(可选)。
|
|
333
|
|
@a读者对象:本书可供电器维修人员、设计人员、制作人员和元器件销售、实验、教学人员及青少年电子爱好者阅读和参考。
|
|
606
|
0
|
@a@j手册
|
|
606
|
0
|
@a工业技术
|
|
690
|
|
@aT:Z@v4
|
|
711
|
02
|
@a《最新常用集成块速查手册》编写组@A《 Zui Xin Chang Yong Ji Cheng Kuai Su Cha Shou Ce》 Bian Xie Zu@4编
|
|
801
|
0
|
@aCN@b昆明新知图书城@c20071215
|
|
905
|
|
@dT:Z@e151
|
|
|
|
|
| |
| 最新常用集成块速查手册/《最新常用集成块速查手册》编写组编.-北京:机械工业出版社,2007.5 |
| 1430页:表格;26cm |
| 使用对象:读者对象:本书可供电器维修人员、设计人员、制作人员和元器件销售、实验、教学人员及青少年电子爱好者阅读和参考。 |
| 部分内容:本书主要介绍电气设备中常用的新型集成块的脚号排列顺序、引脚代码、引脚功能、通用数据包括供电电源、开路电阻(可选)、内部框图(可选)和具体应用电路引脚电参数(可选)。 |
| ISBN 978-7-111-21322-2:CNY118.00 |
| |
| ● |
正题名:最新常用集成块速查手册
索取号:T:Z/151
 
预约/预借
| 序号
|
登录号
|
条形码
|
馆藏地/架位号
|
状态
|
备注
|
|
1
|
196253
|
300196253
|
柳城-5楼工具书/55架3列5层/
[索取号:T:Z/151]
|
在馆
|
|